Open Data Biblioteca Nacional de Portugal


República Portuguesa: Ministério da Cultura
Biblioteca Nacional de Portugal

Catálogo da BNP: acesso por Identificadores Unívocos
Registos Bibliográficos associados ao registo de autoridade

Etiqueta de registo: 00254nam 2200025 450
001 2286032
003 http://id.bnportugal.gov.pt/bib/catbnp/2286032
010 ## $a978-972-8679-45-3
021 ## $aPT$b557791/25
100 ## $a20260508d2025 m y0pory01030103ba
101 0# $apor
102 ## $aPT
105 ## $ay z 000yy
106 ## $ar
200 1# $a A escrita da arte$etextos de artistas portugueses (1958-1992)$fAlberto Carneiro... [et al.]$gconceção, sel. e org. Catarina Rosendo$gpesquisa e textos introd. André Silveira, Catarina Rosendo$gtranscrições Cláudia Pinto
210 #9 $aCoimbra$cCírculo de Artes Plásticas de Coimbra,$dcop. 2025
215 ## $a353 p.$d23 cm
701 #1 $aCarneiro,$bAlberto,$f1937-2017$4070$310890
702 #1 $98$aPinto,$bCláudia$4205$31998001
702 #1 $91$aSilveira,$bAndré$4080$31470030
702 #1 $aRosendo,$bCatarina,$f1972-$4340$3985809
801 #0 $aPT$bBN$gRPC
966 ## $lBN$mFGMON$x1
966 ## $lBN$mFGMON$x1
971 ## $cssilva$d20260508

OpendataBNP@bnportugal.pt | Mais informação sobre acesso aos dados BNP